00834nam a2200193 a 450000100100000000500170001000800410002704000250006808200150009311001040010824500640021226000650027630000430034171000660038471000510045004900090050195201130051099900170062300002928520240307073948.0110414s2007 dr abc 000 | spa d aDO-SdBNPbspacBNPHU axxxbR426g1 aRepública Dominicana.bPresidencia de la República.bConsejo Nacional de Asuntos Urbanos95471510aGEO Santo Domingo :bperspectiva del medio ambiente urbano. aSanto Domingo :bConsejo Nacional de Asuntos Urbanos,c2007. a245 p. :bil., mapas, retrs. ;c29 cm.2 aPrograma de las Naciones Unidas para el Medio Ambiente9561691 aUniversidad Autónoma de Santo Domingo972951 aBNGR 0010718PDaPDbPDcCTd2011-04-14iLF1l0oxxx R426gp29285-10r2020-06-25w2020-06-25yLFPDZNo se presta c28777d28777